Anglické mýty : od krále Artuše a svatého grálu po Jiřího a draka /

Hlavní autor: Kerrigan, Michael, 1959-
Další autoři: Košnar, Lubomír, 1944-
Jazyk: Čeština
Vydáno: Praha : Euromedia Group, 2023
Vydání: Vydání první
Edice: Universum (Euromedia Group)
Témata:
Fyzický popis: 224 stran : ilustrace (převážně barevné), portréty, faksimile ; 25 cm
Knihy
Uloženo v:
LEADER 02126nam a2200589 i 4500
001 nkc20233533575
003 CZ PrNK
005 20240213083921.0
007 ta
008 230717s2023 xr ach e f 001 0 cze
015 |a cnb003533575 
020 |a 978-80-242-9415-5  |q (vázáno) 
035 |a (OCoLC)1416934897 
040 |a BOA001  |b cze  |e rda 
041 1 |a cze  |h eng 
043 |a e-uk-en 
072 7 |a 25  |x Náboženství, mytologie, kulty  |2 Konspekt  |9 5 
080 |a 257.6  |2 MRF 
080 |a 398.21  |2 MRF 
080 |a 2-38  |2 MRF 
080 |a 930.85  |2 MRF 
080 |a (410.1)  |2 MRF 
080 |a (0.062)  |2 MRF 
100 1 |a Kerrigan, Michael,  |d 1959-  |7 pna2006338143  |4 aut 
240 1 0 |a English myths.  |l Česky 
245 1 0 |a Anglické mýty :  |b od krále Artuše a svatého grálu po Jiřího a draka /  |c Michael Kerrigan ; z anglického originálu English myths ... přeložil Lubomír Košnar 
250 |a Vydání první 
264 1 |a Praha :  |b Euromedia Group,  |c 2023 
300 |a 224 stran :  |b ilustrace (převážně barevné), portréty, faksimile ;  |c 25 cm 
336 |a text  |b txt  |2 rdacontent 
336 |a statický obraz  |b sti  |2 rdacontent 
337 |a bez média  |b n  |2 rdamedia 
338 |a svazek  |b nc  |2 rdacarrier 
490 1 |a Universum 
500 |a Obsahuje rejstřík 
650 0 7 |a anglická mytologie  |7 ph180965  |2 czenas 
650 0 7 |a legendy  |7 ph139247  |z Anglie  |2 czenas 
650 0 7 |a mytologičtí hrdinové  |7 ph855082  |z Anglie  |2 czenas 
650 0 7 |a kulturní dějiny  |7 ph122020  |z Anglie  |2 czenas 
650 0 9 |a English mythology  |2 eczenas 
650 0 9 |a legends  |z England  |2 eczenas 
650 0 9 |a mythological heroes  |z England  |2 eczenas 
650 0 9 |a cultural history  |z England  |2 eczenas 
655 7 |a populárně-naučné publikace  |7 fd131864  |2 czenas 
655 9 |a popular works  |2 eczenas 
700 1 |a Košnar, Lubomír,  |d 1944-  |7 jk01062051  |4 trl 
830 0 |a Universum (Euromedia Group)  |0 s 
910 2 |a BOA001  |b 3-1516.247 
990 |a BK 
995 |a 01 
991 |b 202311  |c NOV 
996 6 |b 2610953557  |c 3-1516.247  |l MZK  |r Sklad / do 1 hodiny  |n 1  |p p.v.  |w 001944693  |u 000010  |a 1  |e BOA001  |j MZK50  |s P